Countries by Geographical Features - Statistics

General Stats
  • This quiz has been taken 61 times
  • The average score is 16 of 20
Answer Stats
Hint Answer % Correct
Yellow, Everest, Hainan China
98%
Amazon, Pedra da Mina, Ilha Grande Brazil
96%
Thames, Ben Nevis, Man United Kingdom
96%
Mississippi, Denali, Manhattan United States
96%
Acheloos, Olympus, Crete Greece
88%
Paraná, Aconcagua, Isla Grande de Tierra del Fuego Argentina
86%
Murray, Kosciuszko, Tasmania Australia
86%
St. Lawrence, Logan, Ellesmere Canada
86%
Ishikari, Fuji, Hokkaido Japan
86%
Rio Grande, Pico de Orizaba, Tiburón Mexico
84%
Mekong, Fansipan, Phu Quoc Vietnam
84%
Elbe, Zugspitze, Heligoland Germany
82%
Indus, K2, Astola Pakistan
82%
Baliung, Carstensz, Sumatra Indonesia
81%
Po, Blanc, Elba Italy
79%
Niger, Chappal Waddi, Abagbo Nigeria
61%
Godavari, Kangchenjunga, Great Nicobar India
58%
Orange, Mafadi, Marion South Africa
56%
Karun, Damavand, Qeshm Iran
44%
Draa, Toubkal, Cala Iris Islet Morocco
23%
No matching quizzes found
Score Distribution
Percent of People with Each Score
Percentile by Number Answered
Your Score History
You have not taken this quiz